Statystyki dla Quiz specjalnie dla Geomexa (poziom średniowysoki)

Kliknij tutaj aby rozwiązać quiz!

Ogólne statystyki

  • Ten quiz został rozwiązany 1 208 razy
  • Średni wynik to 9 z 15

Statystyki odpowiedzi

PodpowiedźOdpowiedź% Poprawnych
Kraj ten zdobył najwięcej razy Mistrzostwo Świata w piłce nożnej (5 razy).Brazylia
87%
Organizator Mistrzostw Świata w piłce nożnej 2022.Katar
87%
Państwo europejskie, które ma najwięcej miast zawierających słowo ''święty".Francja
77%
Nazwa tego kraju wywodzi się z perskiej nazwy Armanestân i Arman.Armenia
74%
4. miejsce w Polsce pod względem populacji, to miasto było organizatorem Igrzysk sportów nieolimpijskich (The World Games) w 2017 roku.Wrocław
71%
Państwo na literę "F", którego terytorium składa się głównie z wody, jedynie 10% powierzchni to ziemia.Fidżi
68%
Państwo europejskie z dwoma oficjalnymi językami (jeden z nich należy do języków celtyckich).Irlandia
67%
Kraj ten ma najstarszą flagę na świecie.Dania
66%
Państwo, które ma kolor karminowy na fladze.Łotwa
55%
Drugie największe państwo śródlądowe na świecie.Mongolia
53%
Mieszkańcy tego kraju witają Nowy Rok jako pierwsi.Kiribati
50%
Kraj ten spożywa najwięcej herbaty w Europie.Turcja
48%
Jedyny kraj na świecie, gdzie można zobaczyć smoki z Komodo w naturze.Indonezja
45%
Kraj, który produkuje najwięcej mleka wielbłądziego.Somalia
30%
Z tego kraju pochodzi muzyk Afric Simone.Mozambik
20%

Rozkład punktacji

Percentyl według liczby udzielonych odpowiedzi

Procent ludzi z każdym wynikiem

Twoja historia wyników

Nie rozwiązałeś tego quizu